Ville française à partir du nom de sa gare - Statistiques

Statistiques générales
  • Ce quiz a été pris 90 fois
  • Le résultat moyen est 8 sur 14
Statistiques - réponses
Gare Ville % Correct
Part-Dieu Lyon
99%
Europe Lille
89%
Saint-Charles Marseille
88%
Saint-Jean Bordeaux
74%
Matabiau Toulouse
71%
Perrache Lyon
60%
Saint-Roch Montpellier
59%
Flandres Lille
58%
Saint-Laud Angers
43%
Bénédictins Limoges
43%
Chantiers Versailles
43%
Rive-Droite Rouen
36%
Châteaucreux Saint-Étienne
35%
Ville-Bourbon Montauban
6%
Aucun quiz correspondant
Distribution des résultats
% des personnes avec chaque résultat
Percentile par nombre de réponses
Votre historique - résultats
Vous n’avez pas pris ce quiz